000 00674nam a2200241 i 4500
001 000044277
003 DO-SdBNP
005 20240130102708.0
007 ta
008 140612s2008 dr 000 0 spa d
020 _a9789945130829
040 _aDO-SdBNP
_bspa
_cBNPHU
_erda
082 4 _222
100 1 _aRodríguez, Aralís,
_912040
_eautor
245 1 3 _aEl prójimo anónimo /
_cAralís Rodríguez.
264 _aSanto Domingo :
_bMediabyte,
_c2008.
300 _a172 páginas ;
_c21 cm.
336 _2rdacontent
_atexto
_btxt
337 _2rdamedia
_asin mediación
_bn
338 _2rdacarrier
_avolumen
_bnc
590 _aInventariado, 2024/BT
942 _2ddc
_cLBS1
999 _c43766
_d43766